| 000 | 00647nam a2200217 u 4500 | ||
|---|---|---|---|
| 005 | 20230323063601.0 | ||
| 008 | 091020s2008 r 000 0 eng d | ||
| 020 | _a9789582009281 | ||
| 035 | _aUPN01000173332 | ||
| 049 | _aCG | ||
| 050 | 4 |
_aHM1226 _bL6.3 |
|
| 100 | 1 |
_aLomas, Carlos, _d1956- _929048 |
|
| 245 | 1 | 3 |
_aEl espectáculo del deseo : _bcrítica de la publicidad y educación crítica / _cCarlos Lomas. |
| 260 |
_aBogotá : _bMagisterio, _c2008. |
||
| 300 |
_a250 p. : _bil. |
||
| 440 | 0 | _aRedes | |
| 650 | 2 |
_aPublicidad _95809 |
|
| 650 | 2 |
_aPublicidad _xAspectos psicológicos _913946 |
|
| 650 | 2 |
_aPropaganda _95808 |
|
| 905 | _aLibro | ||
| 999 |
_c145436 _d145436 |
||